Right In The Middle: Selective Trunk Activity In The Treatment Of Adult Hemiplegia : (Record no. 617555)

MARC details
000 -LEADER
fixed length control field 00501nam a2200181 a 4500
008 - FIXED-LENGTH DATA ELEMENTS--GENERAL INFORMATION
fixed length control field 260311s2003##################000#0#eng##
020 ## - INTERNATIONAL STANDARD BOOK NUMBER
ISBN 9788181280411
082 04 - DEWEY DECIMAL CLASSIFICATION NUMBER
Classification number 362.1786
Item number DAV
100 1# - MAIN ENTRY--AUTHOR NAME
Personal name Davies,
245 10 - TITLE STATEMENT
Title Right In The Middle: Selective Trunk Activity In The Treatment Of Adult Hemiplegia :
260 ## - PUBLICATION, DISTRIBUTION, ETC. (IMPRINT)
Year of publication 2003.
300 ## - PHYSICAL DESCRIPTION
Number of Pages 242 pages
942 ## - ADDED ENTRY ELEMENTS (KOHA)
Koha item type English Books
Holdings
Withdrawn status Lost status Damaged status Not for loan Home library Current library Shelving location Date acquired Full call number Accession Number Price effective from Koha item type
        Anna Centenary Library Anna Centenary Library 4TH FLOOR, A WING 11.03.2026 362.1786 DAV 325336 11.03.2026 English Books

Find us on the map